000 00688nam a2200193Ia 4500
003 GCL
008 140319s9999 xx 000 0 ara d
040 _aGCL /
_cGCL
082 0 4 _a243
_bم ش
100 1 _aمحمد مجاهد
245 1 0 _aالشفاعة عند الله يوم القيامة وتصحيح لما كتبه الدكتور مصطفى محمود /
_cمحمد مجاهد
250 _aالاولى
260 _aالقاهرة :
_bمطبعة العمرانية للاوفست ،
_c2000
300 _a128 ص ؛
_c24 سم
650 0 4 _aالشفاعة
650 0 4 _aالشفاعة فى القران
650 0 4 _aالسمعيات ( فقه اسلامى )
942 _2ddc
_cBK
999 _c5125
_d5125